| 000 | 00672nam a2200121Ia 4500 | ||
|---|---|---|---|
| 008 | 220615s9999||||xx |||||||||||||| ||und|| | ||
| 100 | _aSmall, Michael | ||
| 245 | 4 |
_aThe Forgotten Peace _bMediation at Niagara Falls |
|
| 546 | _aEnglish[eng] | ||
| 650 | _adiplomacy||peace||canada||niagara falls||conference||international mediation||Mexico||Mexico City||United States||United States Department of State||Victoriano Huerta||Woodrow Wilson | ||
| 856 | _uhttps://library.oapen.org/bitstream/20.500.12657/32997/1/578812.pdf||https://library.oapen.org/bitstream/20.500.12657/32997/1/578812.pdf||https://library.oapen.org/bitstream/20.500.12657/32997/1/578812.pdf | ||
| 942 | _cEB | ||
| 999 |
_c10569 _d10569 |
||